000 00536nam a2200181 i 4500
001 142428
003 ES-MaACL
005 20230906200523.0
007 t|
008 071005s1982 sp a |||| | spa d
080 _a94(460.355 C.)"18"
100 1 _aVila Valencia, Adolfo.
_9114742
245 1 0 _aCádiz bajo el reinado de Isabel II /
_cAdolfo Vila Valencia.
260 _aCádiz :
_b[Jiménez-Mena],
_c1982.
300 _aXIII, 251 p. :
_bil. ;
_c24 cm.
651 4 _aCádiz-
_xHistoria-
_yS.XIX.
_97918
852 _aES-MaACL
_jL-3304
999 _c142428
_d142428